| 000 | 00535nam a2200193Ia 4500 | ||
|---|---|---|---|
| 008 | 151119s9999||||xx |||||||||||||| ||und|| | ||
| 082 | _a891.8143 | ||
| 082 | _bGKKV32197 | ||
| 100 | _aभैरप्पा एस एल | ||
| 245 | _aतडा | ||
| 260 | _aपुणे | ||
| 260 | _bमेहता पब्लीशिग हाउस | ||
| 260 | _c0 | ||
| 600 | _aभैरप्पा एस एल | ||
| 630 | _aतडा | ||
| 700 | _aभैरप्पा एस एल | ||
| 730 | _aतडा | ||
| 942 | _cBOOK | ||
| 999 |
_c1084502 _d1084499 |
||